Русская сказка в творчестве Ю. А. Васнецова (Запис номер 398371)
[ съкратено ]
| 000 -Лидер | |
|---|---|
| Контролно поле с фиксирана дължина | nkm a22 a 4500 |
| 003 - Код на организацията, давaща контролен номер | |
| Контролно поле | BLK |
| 005 - Дата и час на последна редакция | |
| Контролно поле | 20230405085630.0 |
| 008 - Елементи от данни с фиксирана дължина | |
| fixed length control field | 180411b bul|||||r ||||||| ||bul|| |
| 040 ## - Източник на каталожния запис | |
| Идентификатор на билиотеката - собственик на записа | BLK |
| 041 ## - Код за език | |
| Код за езика на текст/звукозапис или на отделно заглавие | Руски |
| Код за езика КДБФ | Руски |
| 080 ## - УДК | |
| Текстов определител УДК | Живопис върху миниатюри. Илюстрации на книги |
| УДК код - определител по УДК | 75.056 |
| УДК определител | -93(470)(092)(084) |
| УДК - код + определител | 75.056-93(470)(092)(084) |
| 080 ## - УДК | |
| Текстов определител УДК | Съветски художник, живописец, график, сценограф, илюстратор |
| УДК код - определител по УДК | 929 Васнецов, Юрий Алексеевич |
| 139 ## - Редно поле | |
| Редна дума | Русская сказка в творчестве Ю. А. Васнецова |
| 245 10 - Сведения за заглавието | |
| Заглавие | Русская сказка в творчестве Ю. А. Васнецова |
| Подзаглавни данни | Альбом |
| Редно поле (дума) | авт. текста и состав. В. Н. Петров |
| 257 ## - Страна на издаване | |
| Страна на създаване/издаване | СССР |
| 260 ## - Област на издателските данни | |
| Име на издателя, разпространителя и проч. | Художник РСФСР |
| Година на издаване | б.г. |
| 9 (RLIN) | 211505 |
| Място на издаване, разпространение и проч. | Ленинград |
| Издателство - префикс ISBN | 5- |
| 300 ## - Физическа характеристика | |
| Страници | 1 албум (140 с.) |
| Илюстрации и др. | с цв. рис. |
| Размери/Мащаб | 36 см |
| Съпровождащи материали | 15 с. книжка-прилож. |
| 380 ## - Жанр | |
| Жанр | Изкуство |
| 500 ## - Общи забележки | |
| Забележка | Съдържа 15 с. книжка-прилож. със загл. Сорока-Белобока с рис. от Ю. Васнецов. - 25 000 тир. - Парал. загл. данни и текст на англ.ез. |
| 600 14 - Име на лице, използвано като предмет | |
| 9 (RLIN) | 46433 |
| За него / За нея | Васнецов, Юрий Алексеевич |
| 600 #0 - Име на лице, използвано като предмет | |
| 9 (RLIN) | 441336 |
| За него / За нея | Петров, В. Н. |
| 650 #0 - Допълнително описание по предмет – тема | |
| 9 (RLIN) | 351983 |
| Основно описание – тема или топоним | Илюстрации - албуми |
| 653 #7 - Ключова дума – ненормативна | |
| 9 (RLIN) | 194507 |
| Ключова дума | приказки |
| 700 ## - Други автори (авторска отговорност) | |
| Лично име | Петров, В. Н. |
| Автороска отговорност (Описва отношението между автора и произведението) | авт. текста и состав. |
| 9 (RLIN) | 407 |
| 852 ## - Местоположение | |
| Форматна сигнатура | Цб ІІІ 424 |
| Фондова буква | Хранилище |
| 856 ## - Електронен адрес и достъп | |
| Инструкция (цена за достъп) | 0.00 |
| Права за достъп | disable |
| 999 ## - СИСТЕМНИ КОНТРОЛНИ НОМЕРА | |
| Koha biblionumber | 398371 |
| Koha biblioitemnumber | 398371 |
| 942 ## - АРТИКУЛИ | |
| Вид на библиотечния материал | Графични издания |
| Скрит в OPAC | Не |
| Периодичен библиозапис | Да |
| 944 ## - СЪЗДАВАНЕ И РЕДАКЦИЯ на ЗАПИСА | |
| Създаване/Редакция | Създаване |
| Дата на регистрацията/редакция | 2021-02-12 |
| Служител, извършил регистрацията/редакцията | СТ |
| 999 ## - СИСТЕМНИ КОНТРОЛНИ НОМЕРА | |
| Koha biblioitemnumber | 398371 |
| 999 ## - СИСТЕМНИ КОНТРОЛНИ НОМЕРА | |
| Koha biblioitemnumber | 398371 |
| Код за отписване | Код за изгубен артикул | Източник на класификационната схема | Код за повреда | Коз за рестрикции | Код за отдаване | Артикулен № | Име на библиотеката - собственик | Име на библиотеката, в която се намира в момента | Статус (Текущо местоположение) | Дата на вписване в системата | Местоположение - отдел | Цена в лева | Инвентарен номер | Систематично азбучна сигнатура | Баркод | Цена в евро | Служебен тип на артикула |
|---|---|---|---|---|---|---|---|---|---|---|---|---|---|---|---|---|---|
| Не е изгубен | Universal Decimal Classification | Не е повреден | само за читалня | ползва се в читалня | 812183 | Регионална библиотека "Любен Каравелов" Русе | Регионална библиотека "Любен Каравелов" Русе | Хранилище | 2021-02-16 | Основен фонд - ползва се само за читалня | 7.57 | 166755 | Цб ІІІ 424 | 120000166755 | 3.87 | Графични издания |